Sports Quiz

Random Sports or MLB Quiz

MLB Unassisted Triple Plays Quiz Stats

 Plays Quiz Updated Feb 7, 2020

Support Sporcle.
Go Orange.
Score 0/15 Timer 05:00
0 Plays Today
Year Player % Correct
2007Troy Tulowitzki
61.9%
2008Asdrúbal Cabrera
47.9%
2003Rafael Furcal
41.8%
2009Eric Bruntlett
24.8%
1992Mickey Morandini
23.5%
1994John Valentin
18%
2000Randy Velarde
12%
1920Bill Wambsganss
10.2%
Year Player % Correct
1968Ron Hansen
7.8%
1909Neal Ball
5.2%
1923George Burns
4.1%
1925Glenn Wright
3.9%
1927Johnny Neun
3.7%
1927Jimmy Cooney
3.3%
1923Ernie Padgett
2.5%

From the Vault

Cartoon Caps

by PrincessMartell

If you don't like this quiz, oh well. Hatters gonna hat.
Remove Ads.
Support Sporcle.
Get the best of Sporcle when you Go Orange. This ad-free experience offers more features, more stats, and more fun while also helping to support Sporcle. Thank you for becoming a member.

Show Comments

Extras

Top Quizzes Today


Score Distribution

Your Account Isn't Verified!

In order to create a playlist on Sporcle, you need to verify the email address you used during registration. Go to your Sporcle Settings to finish the process.

Report this User

Report this user for behavior that violates our Community Guidelines.

Details: